00406nam a2200169Ia 4500008004100000020001800041050001600059100002200075245002600097245002500123260001500148260001800163260000900181300001600190300002000206300001000226170918s9999 xx 000 0 und d a9780547053745 bM911on 2007 aMosher, Howard F. aOn kingdom mountain / cby Howard F. Mosher. aNew York : bMariner Book, c2007 a276 pages : billustrations ; c21cm.